Loading...
| History - American | 0 | 2 | 0 | 0 | 20 | 63 | 68.50 | 0 | 0 | 6.91 | 4.44 |
| Current Events | 0 | 2 | 0 | 0 | 20 | 19 | 22.50 | 1 | 2 | 31.27 | 37.78 |
| Philosophy | 0 | 2 | 0 | 0 | 20 | 73 | 82.00 | 0 | 1 | 6.76 | 13.10 |
| Science - Other | 0 | 2 | 0 | 2 | 20 | 106 | 107.50 | 0 | 0 | 0.00 | 4.86 |
| History - World | 0 | 3 | 2 | 1 | 20 | 20 | 51.67 | 0 | 2 | 15.83 | 17.50 |
| Literature - World | 0 | 1 | 0 | 0 | 10 | 59 | 59.00 | 1 | 1 | 4.82 | 10.00 |
| Fine Arts - Classical Music | 0 | 1 | 0 | 0 | 10 | 101 | 101.00 | 0 | 0 | 1.29 | 3.33 |
| Literature - European | 0 | 1 | 0 | 0 | 10 | 87 | 87.00 | 0 | 0 | 2.43 | 5.56 |
| Religion | 0 | 1 | 0 | 0 | 10 | 65 | 65.00 | 1 | 1 | 3.98 | 10.00 |
| Science - Chemistry | 0 | 1 | 0 | 0 | 10 | 80 | 80.00 | 0 | 0 | 2.92 | 3.33 |
| History - European | 0 | 0 | 0 | 0 | 0 | 0.00 | 0 | 0 | 0.00 | 0.00 | |
| Science - Physics | 0 | 0 | 0 | 0 | 0 | 0.00 | 0 | 0 | 0.00 | 0.00 | |
| Social Science | 0 | 0 | 2 | 0 | -10 | 0.00 | 0 | 0 | 0.00 | 0.00 |